Представление документа в формате RUSMARC

ПолеНазваниеЗначение
  Тип записи a
  Библиографический уровень a
001 Контрольный номер RU/IS/BASE/472572569
005 Дата корректировки 20240207193053.4
100 Данные общей обработки __
a Данные общей обработки 20141222d2014 ||| 0rusy0189 ca
101 Язык документа 0_
a Язык текста rus
102 Страна публикации __
a Страна публикации RU
105 Кодированные данные (монография) __
a Кодированные данные (монография) y###||||000|y
200 Заглавие и сведения об ответственности 1_
a Заглавие Из опыта изучения коллекций русского народного костюма в собраниях Ульяновских музеев
b Общее обозначение материала Текст
f Первые сведения об ответственности О. А. Туркина
461 Уровень набора _0
1 2001
a Коллекционеры и меценаты Поволжья : материалы V Поливановских чтений. 27-28 ноября 2007 года / отв. ред. Л. П. Баюра. - Ульяновск : Корпорация технологий продвижения.
463 Уровень физической единицы _0
1 2001
v С. 165-170 : фот.
1 210
d 2007
606 Тематические рубрики 0_
a Основная рубрика Русский народный костюм - Музейные коллекции - Ульяновск, город
610 Ключевые слова 0_
a Ключевые слова музеи
610 Ключевые слова 0_
a Ключевые слова коллекции русского народного костюма
610 Ключевые слова 0_
a Ключевые слова русский народный костюм
610 Ключевые слова 0_
a Ключевые слова ульяновские музеи
610 Ключевые слова 0_
a Ключевые слова краеведческие музеи
610 Ключевые слова 0_
a Ключевые слова фольклорно-этнографические экспедиции
610 Ключевые слова 0_
a Ключевые слова одежда
610 Ключевые слова 0_
a Ключевые слова сарафаны
610 Ключевые слова 0_
a Ключевые слова кумашники
610 Ключевые слова 0_
a Ключевые слова сукманы
610 Ключевые слова 0_
a Ключевые слова кокошники
686 Индексы других классификаций __
a Классификационный индекс 79.18
2 Код системы rubbk
700 Автор _1
a Фамилия Туркина
b Имя (инициалы) О. А.
801 Источник записи _0
a Страна RU
b Организация Ульяновская ОБДЮ
c Дата составления 20141222
g Правила каталогизации RCR
801 Источник записи _1
a Страна RU
b Организация Ульяновская ОБДЮ
c Дата составления 20141222
g Правила каталогизации RCR
901 Тип документа __
t Тип документа b
910 Корректоры записи __
a Корректор записи workuser
919 __
a workuser
938 Служебная информация __
a Имя БД BibKray
b Имя библиотеки ОБДЮ